UM Logo

Calculus : (Record no. 7482)

MARC details
000 -LEADER
fixed length control field 00556nam a2200181 4500
008 - FIXED-LENGTH DATA ELEMENTS--GENERAL INFORMATION
fixed length control field 170925b xxu||||| |||| 00| 0 eng d
020 ## - INTERNATIONAL STANDARD BOOK NUMBER
International Standard Book Number 0-471-24349-3
082 ## - DEWEY DECIMAL CLASSIFICATION NUMBER
Edition number 1999
Classification number DC 515
Item number An8
100 ## - MAIN ENTRY--PERSONAL NAME
9 (RLIN) 22694
Personal name Anton, Howard
245 ## - TITLE STATEMENT
Title Calculus :
Remainder of title a new horizon /
Statement of responsibility, etc. Howard Anton
250 ## - EDITION STATEMENT
Edition statement Sixth Edition
260 ## - PUBLICATION, DISTRIBUTION, ETC. (IMPRINT)
Place of publication, distribution, etc. New York :
Name of publisher, distributor, etc. Wiley,
Date of publication, distribution, etc. 1999.
300 ## - PHYSICAL DESCRIPTION
Extent xxxii, 1130, 129, 13 pages :
Other physical details illustrations (some colored) ;
Dimensions 27 cm
500 ## - GENERAL NOTE
General note Includes index
650 #0 - SUBJECT ADDED ENTRY--TOPICAL TERM
9 (RLIN) 22695
Topical term or geographic name as entry element Calculus
650 #0 - SUBJECT ADDED ENTRY--TOPICAL TERM
9 (RLIN) 22696
Topical term or geographic name as entry element Geometry, Analytic
942 ## - ADDED ENTRY ELEMENTS (KOHA)
Source of classification or shelving scheme Dewey Decimal Classification
Koha item type Circulation
Holdings
Withdrawn status Lost status Source of classification or shelving scheme Damaged status Not for loan Collection code Home library Current library Shelving location Date acquired Source of acquisition Total Checkouts Full call number Barcode Date last seen Date last checked out Copy number Price effective from Koha item type
    Dewey Decimal Classification     Circulation UM Digos College - LIC UM Digos College - LIC Book Cart 09/10/2003 Donated 2 DC 515 An8 1999 15764 06/08/2021 12/15/2018 1 09/25/2017 Circulation
    Dewey Decimal Classification     Circulation UM Digos College - LIC UM Digos College - LIC   09/10/2003 Donated   DC 515 An8 1999 15765 05/15/2025   2 09/25/2017 Circulation